000 00322nam a22001217a 4500
999 _c4853
_d4853
008 250325b ||||| |||| 00| 0 eng d
020 _a9780713688818
082 _a823.914 HAY
100 _aHAY,SAM
_eAUTHOR
245 _aBILLY ANGEL
260 _a38 SOHO SQUARE,LONDON,W1D 3HB
_bA&C BLACK PUBLISHERS LTD
_c2008
942 _2ddc